• 首页
  • 本馆介绍
  • 公告通知
  • 最新文献
  • 馆藏检索
  • 电子资源
  • 读者导购
  • 参考咨询
  • 我的图书馆
  • 登录
  • 详细信息显示
  • 放入我的书架
  • 预约/预借图书
  • 作者相关作品
  • 分类相关作品
  • 丛书相关作品
  • 出版社相关作品

书目信息

  • 表格格式
  • 工作单格式
  • 卡片格式
题名:
男生女生流行的心理测试题
    
 
作者: 郑玉娟 编著
分册:  
出版信息: 北京   企业管理出版社  2010.01
页数: 244页
开本: 24cm
丛书名:
单 册:
中图分类: B841.7
科图分类:
主题词: 心理测验--青年读物 , 心理测验
电子资源:
ISBN: 978-7-80255-348-4
000 00779nam0 2200241 45
001 1133569000
005 20110411170312.68
010    @a978-7-80255-348-4@dCNY26.80
100    @a20110408d2010 em y0chiy0110 ea
101 0  @achi
102    @aCN@b110000
105    @aa z 000yy
106    @ar
200 1  @a男生女生流行的心理测试题@ANan Sheng Nu^ Sheng Liu Xing De Xin Li Ce Shi Ti@f郑玉娟编著@FZheng Yu Juan Bian Zhu
210    @a北京@c企业管理出版社@d2010.01
215    @a244页@c图@d24cm
330    @a本书分为四部分,包括爱情心理测试、性格素质大考验、职业能力测试和财富测试。
606 0  @a心理测验@j青年读物
606 0  @a心理测验
690    @aB841.7@v4
701  0 @a郑玉娟@AZheng Yu Juan@4编著
801  0 @aCN@bTANGWEI@c20110411
905    @b0534738-42@dB841.7@e1032@f5
    
    男生女生流行的心理测试题/郑玉娟编著.-北京:企业管理出版社,2010.01
    244页:图;24cm
    
    
    ISBN 978-7-80255-348-4:CNY26.80
    本书分为四部分,包括爱情心理测试、性格素质大考验、职业能力测试和财富测试。
●
相关链接 在E读中查询图书 在五车中查询图书 在当当中查询图书 在豆瓣中查询图书


正题名:男生女生流行的心理测试题     索取号:B841.7/1032         预约/预借

序号 登录号 条形码 馆藏地/架位号 状态 备注
1 0534738   205347383   第一样本阅览室/ [索取号:B841.7/1032] 在馆    
2 0534739   205347392   第一借阅区/ [索取号:B841.7/1032] 在馆    
3 0534740   205347409   第一借阅区/ [索取号:B841.7/1032] 在馆    
4 0534741   205347418   第一借阅区/ [索取号:B841.7/1032] 在馆    
5 0534742   205347427   第一借阅区/ [索取号:B841.7/1032] 在馆    
唐山师范学院图书馆 欢迎您!
大连网信软件有限公司© 版权所有